Countries First Letter Blitz Quiz Stats

 Plays Quiz Updated Feb 13, 2019

Support Sporcle.
Go Orange.
Score 0/197 Timer 01:00
11 Plays Today
Letter Country % Correct
AAfghanistan
97.3%
AAlbania
97.3%
AAlgeria
97.3%
AAngola
97.3%
AAndorra
97.3%
AAntigua and Barbuda
97.3%
AArgentina
97.3%
AArmenia
97.3%
AAustralia
97.3%
AAustria
97.3%
AAzerbaijan
97.3%
CCabo Verde
96.7%
CCambodia
96.7%
CCameroon
96.7%
CCanada
96.7%
CCentral African Republic
96.7%
CChad
96.7%
CChile
96.7%
CChina
96.7%
CColombia
96.7%
CComoros
96.7%
CCosta Rica
96.7%
CCote d'Ivoire
96.7%
CCroatia
96.7%
CCuba
96.7%
CCyprus
96.7%
CCzechia
96.7%
BBahamas
96.5%
BBahrain
96.5%
BBangladesh
96.5%
BBelgium
96.5%
BBarbados
96.5%
BBelarus
96.5%
BBotswana
96.5%
BBelize
96.5%
BBenin
96.5%
BBhutan
96.5%
BBolivia
96.5%
BBosnia and Herzegovina
96.5%
BBrazil
96.5%
BBrunei
96.5%
BBulgaria
96.5%
BBurkina Faso
96.5%
BBurundi
96.5%
GGabon
93.2%
GThe Gambia
93.2%
GGermany
93.2%
GGeorgia
93.2%
GGhana
93.2%
GGreece
93.2%
GGrenada
93.2%
GGuatemala
93.2%
GGuinea
93.2%
GGuinea-Bissau
93.2%
GGuyana
93.2%
FFiji
92.8%
FFinland
92.8%
FFrance
92.8%
DDemocratic Republic of the Congo
91.3%
DDenmark
91.3%
DDjibouti
91.3%
DDominica
91.3%
DDominican Republic
91.3%
IIreland
90.4%
IIceland
90.4%
IIndia
90.4%
Letter Country % Correct
IIran
90.4%
IIndonesia
90.4%
IIraq
90.4%
IIsrael
90.4%
IItaly
90.4%
EEcuador
90.3%
EEgypt
90.3%
EEl Salvador
90.3%
EEquatorial Guinea
90.3%
EEritrea
90.3%
EEstonia
90.3%
EEthiopia
90.3%
HHaiti
83.9%
HHonduras
83.9%
HHungary
83.9%
JJapan
83.1%
JJamaica
83.1%
JJordan
83.1%
MMadagascar
80.6%
MMalawi
80.6%
MMalaysia
80.6%
MMaldives
80.6%
MMali
80.6%
MMalta
80.6%
MMarshall Islands
80.6%
MMauritania
80.6%
MMauritius
80.6%
MMexico
80.6%
MMicronesia
80.6%
MMoldova
80.6%
MMonaco
80.6%
MMongolia
80.6%
MMontenegro
80.6%
MMorocco
80.6%
MMozambique
80.6%
MMyanmar
80.6%
LLaos
80.1%
LLatvia
80.1%
LLebanon
80.1%
LLesotho
80.1%
LLiberia
80.1%
LLibya
80.1%
LLiechtenstein
80.1%
LLithuania
80.1%
LLuxembourg
80.1%
NNorth Macedonia
80.1%
NNepal
79.3%
NNamibia
79.3%
NNauru
79.3%
NNetherlands
79.3%
NNew Zealand
79.3%
NNicaragua
79.3%
NNiger
79.3%
NNigeria
79.3%
NNorth Korea
79.3%
NNorway
79.3%
KKosovo
75.2%
KKiribati
75.2%
KKazakhstan
75.2%
KKenya
75.2%
KKuwait
75.2%
KKyrgyzstan
75.2%
PPeru
75.1%
PPakistan
75.1%
PPalau
75.1%
PPalestine
75.1%
Letter Country % Correct
PPanama
75.1%
PPapua New Guinea
75.1%
PPhilippines
75.1%
PParaguay
75.1%
PPoland
75.1%
PPortugal
75.1%
EEswatini
75%
SSamoa
70.7%
SSao Tome and Principe
70.7%
SSaudi Arabia
70.7%
SSenegal
70.7%
SSerbia
70.7%
SSeychelles
70.7%
SSan Marino
70.7%
SSierra Leone
70.7%
SSlovakia
70.7%
SSingapore
70.7%
SSomalia
70.7%
SSlovenia
70.7%
SSolomon Islands
70.7%
SSouth Africa
70.7%
SSouth Korea
70.7%
SSouth Sudan
70.7%
SSpain
70.7%
SSri Lanka
70.7%
SSt. Kitts and Nevis
70.7%
SSudan
70.7%
SSuriname
70.7%
SSt. Lucia
70.7%
SSweden
70.7%
SSwitzerland
70.7%
SSyria
70.7%
SSt. VIncent and the Grenadines
70.6%
OOman
68.9%
QQatar
64.4%
RRepublic of the Congo
63%
RRomania
63%
RRussia
63%
RRwanda
63%
UUganda
61.2%
UUkraine
61.2%
UUnited Arab Emirates
61.2%
UUnited Kingdom
61.2%
UUnited States
61.2%
UUruguay
61.2%
UUzbekistan
61.2%
TTuvalu
60.5%
TTaiwan
60.5%
TTajikistan
60.5%
TTanzania
60.5%
TThailand
60.5%
TTimor-Leste
60.5%
TTogo
60.5%
TTonga
60.5%
TTrinidad and Tobago
60.5%
TTunisia
60.5%
TTurkey
60.5%
TTurkmenistan
60.5%
VVanuatu
46.9%
VVatican City
46.9%
VVenezuela
46.9%
VVietnam
46.9%
YYemen
46.2%
ZZambia
44%
ZZimbabwe
44%

From the Vault

LogiCrossword: Seven Deadly Sins

by El_Dandy

Can't commit seven sins if you can't even count to seven in the first place. Checkmate, demons.
Remove Ads.
Support Sporcle.
Get the best of Sporcle when you Go Orange. This ad-free experience offers more features, more stats, and more fun while also helping to support Sporcle. Thank you for becoming a member.

Show Comments

Extras

Top Quizzes Today


Score Distribution

Your Account Isn't Verified!

In order to create a playlist on Sporcle, you need to verify the email address you used during registration. Go to your Sporcle Settings to finish the process.

Report this User

Report this user for behavior that violates our Community Guidelines.

Details: